Мир смерти и твари из преисподней: [фантастический роман]; [пер. с англ.]

Dades bibliogràfiques
Autor principal: Гаррисон Г. Гарри
Altres autors: Скаландис А. Ант
Idioma:rus
Publicat: Москва, ЭКСМО-Пресс, 1999
Col·lecció:Стальная Крыса
Matèries:
Format: MixedMaterials Llibre
KOHA link:https://koha.lib.tpu.ru/cgi-bin/koha/opac-detail.pl?biblionumber=56777

MARC

LEADER 00000nam0a2200000 4500
001 56777
005 20260403093441.0
010 |a 5040023421 
035 |a (RuTPU)RU\TPU\book\59637 
090 |a 56777 
100 |a 20031010d1999 m||y0rusy50 ca 
101 1 |a rus 
102 |a RU 
105 |a a z 000ay 
181 0 |a i   |b  e  
182 0 |a n 
183 0 |a nc  |2 RDAcarrier 
200 1 |a Мир смерти и твари из преисподней  |e [фантастический роман]  |e [пер. с англ.]  |f Гарри Гаррисон, Ант Скаландис 
203 |a Текст  |b визуальный  |c непосредственный 
210 |a Москва  |c ЭКСМО-Пресс  |d 1999 
215 |a 464 с.  |c ил. 
225 1 |a Стальная Крыса 
283 |a volume  |2 RDAcarrier 
606 |a Американская литература (англо-язычная литература)  |9 52349 
610 1 |a американская литература 
610 1 |a романы 
610 1 |a фантастика 
675 |a 82  |v 3 
700 1 |a Гаррисон  |b Г.  |g Гарри 
701 1 |a Скаландис  |b А.  |g Ант 
801 1 |a RU  |b 63413507  |c 20031010  |g PSBO 
801 2 |a RU  |b 63413507  |c 20031104  |g PSBO 
942 |c BK